Globální ekonomika a pojišťovnictví do roku 2020

Štúdia Swis Re Institute s názvom Globálny výhľad pre ekonomiku a poisťovníctvo do roku 2020. Štúdia sa venuje predovšetkým makroekonomickému prostrediu a globálnemu poistnému trhu, ale aj hľadá odpoveď na niektoré otázky perspektívneho významu, ako je napr. ďalšie smerovanie rozvíjajúcich sa krajín...

ver descrição completa

Na minha lista:
Detalhes bibliográficos
Autor principal: Mesršmíd, Jaroslav
Formato: Capítulo de Livro
Idioma:tcheco
Assuntos:
Tags: Adicionar Tag
Sem tags, seja o primeiro a adicionar uma tag!

MARC

LEADER 00000naa a2200000 4500
001 0253049
005 20191009082121.5
041 0 |a cze 
044 |a CZ 
245 1 0 |a Globální ekonomika a pojišťovnictví do roku 2020  |c Jaroslav Mesršmíd 
520 |a Štúdia Swis Re Institute s názvom Globálny výhľad pre ekonomiku a poisťovníctvo do roku 2020. Štúdia sa venuje predovšetkým makroekonomickému prostrediu a globálnemu poistnému trhu, ale aj hľadá odpoveď na niektoré otázky perspektívneho významu, ako je napr. ďalšie smerovanie rozvíjajúcich sa krajín (Emerging Countries) či odolnosť sveta 10 rokov po finančnej a ekonomickej kríze. 
610 2 0 |a poisťovníctvo 
610 2 0 |a poistenie 
610 2 0 |a trh poistný 
610 2 0 |a makroekonomika 
610 2 0 |a produkt domáci hrubý 
610 2 0 |a hospodárstvo svetové 
610 2 0 |a štúdie 
100 1 |a Mesršmíd, Jaroslav